00000000nam##2200000za#4500
0019.647310
003CaOODSP
00520210615112615
007ta
008150407|1999||||xxc|||||     f|0| 0 eng|d
020 |a0-662-27758-9
040 |aCaOODSP|beng
043 |an-cn---
0861 |aH76-58/1999E
1101 |aCanada.|bHuman Resources Development Canada. |bOld Age Security Program.
24510|aOld age security pension
260 |aOttawa - Ontario : |bHuman Resources Development Canada. |c1999.
300 |a21p. ; |c22 cm.
563 |aSoftcover
590 |a00-24|b2000-06-16
69007|aIncome security|2gcpds
69007|aPensions|2gcpds
77508|tPension de la sécurité de la vieillesse |w(CaOODSP)9.680735
986 |aISPB-185-03-99E